000 00304nam a22001337a 4500
020 _a0471096504
082 _a332.67 BRA
100 _aBranch, Ben
245 _aFundamentals of investing
260 _aLondon
_bA wiley/Hamilton
_c1976
300 _a301p.
_b24cm.
500 _aInclude Index
942 _cBK
999 _c15359
_d15359